Armenian digest (Record no. 13128)
[ view plain ]
| 000 -LEADER | |
|---|---|
| fixed length control field | 00594nam a22001817a 4500 |
| 008 - FIXED-LENGTH DATA ELEMENTS--GENERAL INFORMATION | |
| fixed length control field | 100114c1970 nyu|||||d|||| 00| 0 eng d |
| 022 ## - INTERNATIONAL STANDARD SERIAL NUMBER | |
| International Standard Serial Number | 0004-2323 |
| 082 ## - DEWEY DECIMAL CLASSIFICATION NUMBER | |
| Edition number | 22 |
| Classification number | 305.89199 |
| Item number | ARM |
| 245 ## - TITLE STATEMENT | |
| Title | Armenian digest |
| 260 ## - PUBLICATION, DISTRIBUTION, ETC. (IMPRINT) | |
| Place of publication, distribution, etc | New York: |
| Date of publication, distribution, etc | 1970- |
| 300 ## - PHYSICAL DESCRIPTION | |
| Extent | v.: |
| Other physical details | ill.; |
| Dimensions | 26 cm. |
| 310 ## - CURRENT PUBLICATION FREQUENCY | |
| Current publication frequency | Monthly |
| 500 ## - GENERAL NOTE | |
| General note | Donated by: Alaa Abdel Ghany |
| 505 ## - FORMATTED CONTENTS NOTE | |
| Formatted contents note | Vol.1, 1970-1971 |
| 650 ## - SUBJECT ADDED ENTRY--TOPICAL TERM | |
| 9 (RLIN) | 10328 |
| Topical term or geographic name as entry element | Armenian |
| Form subdivision | -- Periodicals |
| 942 ## - ADDED ENTRY ELEMENTS (KOHA) | |
| Source of classification or shelving scheme | Dewey Decimal Classification |
| Item type | Periodical | Journal (NB) |
| Withdrawn status | Lost status | Source of classification or shelving scheme | Damaged status | Not for loan | Location (home branch) | Sublocation or collection (holding branch) | Shelving location | Date acquired | Source of acquisition | Koha issues (times borrowed) | Koha full call number | Piece designation (barcode) | Koha date last seen | Koha date last borrowed | Price effective from | Koha item type |
|---|---|---|---|---|---|---|---|---|---|---|---|---|---|---|---|---|
| Dewey Decimal Classification | Central Library | Central Library | First floor | 14/01/2010 | Donation | 1 | 305.89199 ARM | 000019319 | 18/08/2021 | 10/12/2013 | 14/01/2010 | Periodical | Journal (NB) |